000 00643nam a2200217Ia 4500
003 GCL
008 140319s9999 xx 000 0 ara d
040 _aGCL /
_cGCL
082 0 4 _a821.009
_bا م
100 1 _aاحسان عباس
245 1 0 _aمقال فى طبيعة الشعر /
_cاحسان عباس
700 1 _aاليوت, ت 0 س
700 1 _aمانيس , ف.ا
300 _a438 ص
490 _a
650 0 4 _aالادب الانجليزى
650 0 4 _aالشعر الانجليزى
650 0 4 _aالشعر - تاريخ ونقد
650 0 4 _aالشعر الانجليزى - العصر الحديث
942 _2ddc
_cBK
999 _c40089
_d40089